Statistics for Top Destinations from Los Angeles Airport (LAX)

Click here to take the quiz!

General Stats

  • This quiz has been taken 266 times
  • The average score is 16 of 20

Answer Stats

PassengersAnswer% Correct
1,658,700New York-JFK
99%
1,825,540San Francisco
94%
1,443,930Chicago-O'hare
92%
1,325,540Seattle/Tacoma
92%
1,127,570Dallas/Fort Worth
91%
1,493,010London-Heathrow
88%
1,102,172Tokyo-Narita
87%
1,349,370Las Vegas
86%
579,311Paris-Charles de Gaulle
83%
1,070,220Atlanta
82%
1,113,260Denver
81%
906,280Phoenix
80%
896,490Vancouver
77%
725,575Mexico City
75%
1,075,590Honolulu
73%
619,227Toronto-Pearson
73%
1,083,522Seoul-Incheon
71%
934,215Sydney
61%
946,426Taipei-Taoyuan
53%
746,017Guadalajara
29%

Score Distribution

Percentile by Number Answered

Percent of People with Each Score

Your Score History

You have not taken this quiz